Political Geography: Africa - Statistics

General Stats
  • This quiz has been taken 103 times
    34 since last reset
  • The average score is 21 of 31
Answer Stats
Hint Answer % Correct
Western Sahara (the former colony of Spanish Sahara) is partially controlled by the Sahrawi Arab Democratic Republic (which at some stage was recognized by 84 UN member states). Most of Western Sahara is controlled by which sovereign state? Morocco
97%
The autonomous province of Príncipe is contained in which country? São Tomé and Príncipe
94%
Zanzibar is an autonomous region of this country. Tanzania
94%
Perhaps the most famous of this country's many islands is Robben Island, where one of its future presidents was imprisoned for 18 years. South Africa
91%
The mainland country that has 521 (mostly uninhabited) islands off its Red Sea coast. Egypt
88%
This federal republic has two states that have self-declared autonomy (Puntland and Galmudug) and another that is de facto independent, although it is not diplomatically recognized by any UN member state. Somalia
88%
This country uses the westernmost point of uninhabited Pyramid Island in Lake Victoria to demarcate its border with Uganda. Kenya
85%
This European country has two autonomous cities (Ceuta and Melilla) on the north coast of Africa that are claimed by Morocco. Spain
85%
The three most populous islands belonging to this island nation are Santiago, São Vicente, and Santo Antão. Cape Verde
82%
Although most of this country's area is located on the mainland, its capital city is on the island of Bioko. Equatorial Guinea
82%
Mahé, Praslin, and La Digue are three of the islands contained in this island nation. Seychelles
82%
The Dahlak Archipelago and certain other islands in the Red Sea belong to which mainland country? Eritrea
79%
Sudan
79%
Ngazidja, Ndzuani, and Mwali are islands that belong to this island country. Comoros
76%
Although this country owns the fourth largest island in the world, it also has over 250 smaller ones. Madagascar
76%
Rodrigues is an autonomous island contained in this country. Mauritius
76%
Réunion
76%
This mainland country has islands in the Red Sea, in the Bab-el-Mandeb (the strait between Yemen and Africa), and in the Gulf of Tadjoura. Djibouti
74%
Name the British Overseas Territory that lies about midway between Africa and South America. Saint Helena, Ascension and Tristan da Cunha
68%
The disputed Abyei Area, a zone with "special administrative status," is jointly administered by the UN and these two countries. South Sudan
68%
Two of this European country's Pelagie Islands lie on the African continent. Italy
65%
This autonomous region of Portugal is geographically part of Africa. Madeira Islands
62%
This southernmost region of Spain is geographically part of Africa. Canary Islands
56%
This country owns an Indian Ocean island of the same name that has been designated a UNESCO World Heritage Site. Mozambique
50%
France has two Overseas Departments in Africa. What are their names? Mayotte
47%
Owner of the Penguin Islands, this country also owns the man-made Bird Island, which serves as a breeding ground for birds and yields guano, which is collected and sold. Namibia
44%
Name the British Overseas Territory that lies about midway between Africa and Indonesia. British Indian Ocean Territory
38%
This island nation includes Addu Atoll, Gaafu Alifu Atoll, and Lhaviyani Atoll. Maldives
35%
Name the French Overseas Territory that consists of remote islands lying about halfway between Africa and Antarctica, but that also includes Adélie Land, the French claim on Antarctica. French Southern and Antarctic Lands
24%
Name the Australian External Territory that lies about two-thirds of the way from Madagascar to Antarctica. Heard Island and McDonald Islands
12%
The Norwegian Dependent Territory that lies between Africa, South America and Antarctica (but north of the Antarctic Treaty limit). Bouvet Island
9%
No matching quizzes found
Score Distribution
Percent of People with Each Score
Percentile by Number Answered
Your Score History
You have not taken this quiz since the last reset